
Library Catalogue

| 000 -LEADER | |
|---|---|
| fixed length control field | 00865cam a2200253 a 4500 |
| 001 - CONTROL NUMBER | |
| control field | 17700209 |
| 005 - DATE AND TIME OF LATEST TRANSACTION | |
| control field | 20260129050547.0 |
| 008 - FIXED-LENGTH DATA ELEMENTS--GENERAL INFORMATION | |
| fixed length control field | 130416s2013 enkab b 001 0 eng d |
| 020 ## - INTERNATIONAL STANDARD BOOK NUMBER | |
| International Standard Book Number | 9780745652771 |
| Qualifying information | (pbk.) |
| 020 ## - INTERNATIONAL STANDARD BOOK NUMBER | |
| International Standard Book Number | 0745652778 |
| Qualifying information | (pbk.) |
| 082 ## - DEWEY DECIMAL CLASSIFICATION NUMBER | |
| Classification number | 320.12 HAL |
| 100 1# - MAIN ENTRY--PERSONAL NAME | |
| Personal name | Hall, Derek |
| 245 10 - TITLE STATEMENT | |
| Title | Land / |
| Statement of responsibility, etc. | Derek Hall. |
| 260 ## - PUBLICATION, DISTRIBUTION, ETC. | |
| Place of publication, distribution, etc. | Cambridge : |
| Name of publisher, distributor, etc. | Polity, |
| Date of publication, distribution, etc. | 2013. |
| 300 ## - PHYSICAL DESCRIPTION | |
| Extent | xi, 204 p. : |
| Other physical details | ill. ; |
| Dimensions | 21 cm. |
| 490 1# - SERIES STATEMENT | |
| Series statement | Resources |
| 505 0# - FORMATTED CONTENTS NOTE | |
| Formatted contents note | Introduction -- Interstate struggles -- Frontiers -- Land booms -- Titling and conservation -- Social movements -- Conclusion. |
| 650 #0 - SUBJECT ADDED ENTRY--TOPICAL TERM | |
| Topical term or geographic name entry element | Land use |
| General subdivision | Political aspects. |
| 650 #0 - SUBJECT ADDED ENTRY--TOPICAL TERM | |
| Topical term or geographic name entry element | Geopolitics. |
| 650 #0 - SUBJECT ADDED ENTRY--TOPICAL TERM | |
| Topical term or geographic name entry element | Land use |
| General subdivision | Social aspects. |
| 650 #0 - SUBJECT ADDED ENTRY--TOPICAL TERM | |
| Topical term or geographic name entry element | Land use |
| General subdivision | Economic aspects. |
| 856 41 - ELECTRONIC LOCATION AND ACCESS | |
| Materials specified | Table of contents |
| Uniform Resource Identifier | <a href="http://www.loc.gov/catdir/enhancements/fy1310/2012277259-t.html">http://www.loc.gov/catdir/enhancements/fy1310/2012277259-t.html</a> |
| 942 ## - ADDED ENTRY ELEMENTS (KOHA) | |
| Source of classification or shelving scheme | Dewey Decimal Classification |
| Koha item type | BOOKs |
| Withdrawn status | Lost status | Damaged status | Not for loan | Collection code | Home library | Current library | Shelving location | Date acquired | Total Checkouts | Total Renewals | Full call number | Barcode | Date last seen | Date last checked out | Price effective from | Koha item type |
|---|---|---|---|---|---|---|---|---|---|---|---|---|---|---|---|---|
| . | . | General Stacks | 05.11.2018 | 3 | 3 | 320.12 HAL | 35357 | 16.10.2022 | 09.09.2022 | 05.11.2018 | BOOKs |